000 00752nam a2200205 a 4500
008 120416s2011 ||||||||||||||||| || u
020 _a9789211337112
050 _aUNO(058)
110 _aUnited Nations Organisation (UNO)
245 1 0 _aUnited Nations juridical yearbook, 2010
_cby United Nations Organisation [UNO]
260 _aNew York:
_bUNITED NATIONS
_c2011
300 _axxxii, 686p.: ill.
350 _a0.00
362 1 _a<p>2010</p>
500 _aAccompanied by CD-ROM
650 _aJURISDICTION (INTERNATIONAL LAW)--YEARBOOKS
650 _aUNITED NATIONS--YEARBOOKS
650 _aLAW
995 _FCBU-MAIN LIBRARY (Kitwe)
_I0.00
_M1
_UAVAILABLE
_WMar 18, 2013
_ZInternational Publications
999 _c60840
_d60840